|
|
|
|
| LEADER |
01154nam a22003012a 4500 |
| 001 |
000159004 |
| 003 |
CZ BrMZK |
| 005 |
20091105143735.0 |
| 007 |
ta |
| 008 |
970107s1961 xr f cze d |
| 040 |
|
|
|a BOA001
|b cze
|
| 041 |
1 |
|
|a cze
|h und
|
| 100 |
1 |
|
|a Verdi, Giuseppe,
|d 1813-1901
|7 jn19990008764
|4 cmp
|
| 245 |
1 |
0 |
|a Don Carlos /
|c Giuseppe Verdi ; opera o 4 dějstvích s předehrou na text Josepha Méryho a Camilla Du Locle ; přeložili Rudolf Vonásek a Karel Jernek
|
| 250 |
|
|
|a 1. vyd.
|
| 260 |
|
|
|a Praha :
|b SNKLHU,
|c 1961
|
| 300 |
|
|
|a 93 s.
|
| 490 |
1 |
|
|a Operní libreta. Řada 2 ;
|v sv. 29
|
| 500 |
|
|
|a Překlad?
|
| 700 |
1 |
|
|a Du Locle, Camille,
|d 1832-1903
|7 jn19981000778
|4 lbt
|
| 700 |
1 |
|
|a Méry, Joseph,
|d 1798-1866
|7 jn20001227154
|4 lbt
|
| 830 |
|
0 |
|a Operní libreta.
|n Řada 2
|
| 910 |
|
|
|a BOA001
|b PK-A-0006.980
|b 1-0451.166
|
| 920 |
|
|
|a 000189831
|
| 964 |
|
|
|a Verdi, Giuseppe - Don Carlos - libreta
|
| 990 |
|
|
|a BK
|
| 996 |
6 |
|
|b 2619942476
|c 1-0451.166
|l MZK
|r Sklad / do 1 hodiny
|n 6
|w 000159004
|u 000020
|a 1
|e BOA001
|j MZK50
|s P
|
| 996 |
7 |
|
|b 3119950551
|c PK-A-0006.980
|l MZK
|r Sklad / do 1 hodiny
|n 1
|w 000159004
|u 000010
|a 1
|e BOA001
|j MZK50
|s A
|